Chile: la política del régimen militar y las nuevas formas de desarrollo en América Latina /
Gespeichert in:
| 1. Verfasser: | |
|---|---|
| Weitere Verfasser: | |
| Format: | Text |
| Schlagworte: | |
| Tags: |
Tag hinzufügen
Keine Tags, Fügen Sie den ersten Tag hinzu!
|
MARC
| LEADER | 00000 a a2200000 04500 | ||
|---|---|---|---|
| 001 | 1968 | ||
| 003 | |||
| 040 | |||
| 100 | |a Catalan, Oscar | ||
| 245 | |a Chile: |b la política del régimen militar y las nuevas formas de desarrollo en América Latina / |c Oscar Catalan | ||
| 650 | |a DESARROLLO ECONOMICO Y SOCIAL | ||
| 650 | |a MILITARISMO | ||
| 700 | |a Arrate, Jorge | ||
| 773 | |g número 25; páginas 51-71 | ||
| 999 | |c 28867 |d 28867 | ||
